Wildlife of the deserts / (Record no. 468)

MARC details
000 -LEADER
fixed length control field 00618pam a2200229 i 4500
005 - DATE AND TIME OF LATEST TRANSACTION
control field 20260322212021.0
008 - FIXED-LENGTH DATA ELEMENTS--GENERAL INFORMATION
fixed length control field data
010 ## - LIBRARY OF CONGRESS CONTROL NUMBER
LC control number 79024137
020 ## - INTERNATIONAL STANDARD BOOK NUMBER
International Standard Book Number 0810917645 :
Terms of availability {dollar}18.95
020 ## - INTERNATIONAL STANDARD BOOK NUMBER
International Standard Book Number 9780810917644 :
Terms of availability {dollar}18.95
040 ## - CATALOGING SOURCE
Original cataloging agency DLC
Transcribing agency DLC
Modifying agency DLC
050 00 - LIBRARY OF CONGRESS CALL NUMBER
Classification number QH88
Item number .W29
082 00 - DEWEY DECIMAL CLASSIFICATION NUMBER
Classification number 574.90954
092 ## - LOCALLY ASSIGNED DEWEY CALL NUMBER (OCLC)
Classification number 574.909 W29 1980
001 - CONTROL NUMBER
control field data
100 1# - MAIN ENTRY--PERSONAL NAME
Personal name Wagner, Frederic H.
245 10 - TITLE STATEMENT
Title Wildlife of the deserts /
Statement of responsibility, etc. Frederic H. Wagner.
260 ## - PUBLICATION, DISTRIBUTION, ETC.
Place of publication, distribution, etc. New York :
Name of publisher, distributor, etc. H. N. Abrams,
Date of publication, distribution, etc. 1980.
300 ## - PHYSICAL DESCRIPTION
Extent 231 p. :
Other physical details ill. ;
Dimensions 27 cm.
500 ## - GENERAL NOTE
General note "A Chanticleer Press edition."
650 #0 - SUBJECT ADDED ENTRY--TOPICAL TERM
Topical term or geographic name entry element Desert biology.
Holdings
Withdrawn status Lost status Damaged status Not for loan Home library Current library Shelving location Date acquired Total checkouts Full call number Barcode Date last seen Price effective from Koha item type
        Riverside Riverside General stacks 22/03/2026   574.90954 BC0010479 22/03/2026 22/03/2026 Books